| 000 | 00684nam a2200193 i 4500 | ||
|---|---|---|---|
| 001 | 51642 | ||
| 003 | ES-MaACL | ||
| 005 | 20230906162411.0 | ||
| 007 | t| | ||
| 008 | 030814s1911 xxu ||||1| eng d | ||
| 100 | 1 |
_aDana, Edward Salisbury. _942588 |
|
| 245 | 1 | 4 |
_aThe system of mineralogy of Jame Dwight Dana, 1837-1868 _b: descriptive minerology / _cby Edward Salisbury Dana. |
| 250 | _a6th ed. enterely rewritten and much enlarged. | ||
| 260 |
_aNew York : _bJohn Wiley and Sons, _c1911 ( _eBrooklyn : _fRobert Brummond and Company) |
||
| 300 |
_a3 t. en 1 v. ; _c26 cm. |
||
| 600 | 1 | 4 |
_aDana, James Dwight. _942589 |
| 650 | 0 | 0 |
_aMineralogía. _915053 |
| 852 |
_aES-MaACL _jF-1222 |
||
| 999 |
_c51642 _d51642 |
||